ICC/PBEA - Races de chien (Intermédiaire) - Statistiques

Statistiques générales
  • Ce quiz a été pris 71 fois
    6 depuis la dernière actualisation
  • Le résultat moyen est 10 sur 35
Statistiques - réponses
Par images Réponse % Correct
Shiba inu
100%
Akita inu
50%
Basset hound
50%
Bouledogue anglais
50%
Boxer
50%
Carlin
50%
Dogue de bordeaux
50%
Malamute de l’Alaska
50%
Rottweiler
50%
Samoyède
50%
Spitz japonais
50%
Terre-Neuve
50%
Terrier Russell
50%
Basenji
25%
Beauceron
25%
Berger blanc suisse
25%
Bichon maltais
25%
Bullmastiff
25%
Grand bouvier suisse
25%
Husky sibérien
25%
Pinscher nain
25%
Terrier de Boston
25%
Terrier écossais
25%
Bull terrier du Staffordshire
0%
Caniche moyen
0%
Colley à poil long
0%
Doberman Pinscher
0%
Épagneul Clumber
0%
Leonberg
0%
Retriever à poil frisé
0%
Retriever à poil plat
0%
Retriever de la Nouvelle-Écosse
0%
Schnauzer nain
0%
Spitz finlandais
0%
Teckel à poil long
0%
Aucun quiz correspondant
Distribution des résultats
% des personnes avec chaque résultat
Percentile par nombre de réponses
Votre historique - résultats
Vous n’avez pas pris ce quiz depuis la dernière actualisation